A good egg: (Record no. 18058)
[ view plain ]
| 000 -LEADER | |
|---|---|
| fixed length control field | 00638cam a22002051 4500 |
| 001 - CONTROL NUMBER | |
| control field | ca 36000286 |
| 003 - CONTROL NUMBER IDENTIFIER | |
| control field | DLC |
| 005 - DATE AND TIME OF LATEST TRANSACTION | |
| control field | 20260227111140.0 |
| 008 - FIXED-LENGTH DATA ELEMENTS--GENERAL INFORMATION | |
| fixed length control field | 850515s1936 mau 000 1 eng |
| 010 ## - LIBRARY OF CONGRESS CONTROL NUMBER | |
| LC control number | ca 36000286 |
| 035 ## - SYSTEM CONTROL NUMBER | |
| System control number | (OCoLC)12036197 |
| 040 ## - CATALOGING SOURCE | |
| Original cataloging agency | DLC |
| Transcribing agency | TNJ |
| Modifying agency | DLC |
| 050 00 - LIBRARY OF CONGRESS CALL NUMBER | |
| Classification number | PS3537.C36 |
| Item number | G6 1936 |
| 082 ## - DEWEY DECIMAL CLASSIFICATION NUMBER | |
| Classification number | 812.5 |
| 100 1# - MAIN ENTRY--PERSONAL NAME | |
| Personal name | Schimmel, Robert C. |
| Fuller form of name | (Robert Carl), |
| Dates associated with a name | 1895- |
| 245 12 - TITLE STATEMENT | |
| Title | A good egg: |
| Remainder of title | a comedy in three acts, |
| Statement of responsibility, etc. | by Robert C. Schimmel. |
| 260 ## - PUBLICATION, DISTRIBUTION, ETC. | |
| Place of publication, distribution, etc. | Boston, Mass., |
| -- | Los Angeles, Cal. |
| Name of publisher, distributor, etc. | [Walter H. Baker company, |
| Date of publication, distribution, etc. | c1936] |
| 300 ## - PHYSICAL DESCRIPTION | |
| Extent | 2 p. l.,[3]-148 p. |
| Other physical details | diagrs. |
| Dimensions | 19 cm. |
| 490 0# - SERIES STATEMENT | |
| Series statement | Baker's royalty plays |
No items available.